000 00656cam a22002293a 4500
001 3123
003 PGUSA
005 20140828083026.0
008 041205s2004||||xxu|||||s|||||000 | eng d
040 _aPGUSA
_beng
042 _adc
050 4 _aPS
100 1 _aWarner, Charles Dudley,
_d1829-1900
245 1 4 _aThe Novel and the Common School
_h[electronic resource] /
_cCharles Dudley Warner
260 _bProject Gutenberg,
_c2004
506 _aPublic domain in the USA.
516 _aElectronic text
653 _aEducation -- United States
830 0 _aProject Gutenberg
_v3123
856 4 0 _uhttp://www.gutenberg.org/ebooks/3123
942 _cEB
999 _c232452
_d232452